| 000 | 00468nam a2200193Ia 4500 | ||
|---|---|---|---|
| 005 | 20240823013231.0 | ||
| 008 | 240823s9999||||xx |||||||||||||| ||und|| | ||
| 020 | _a81-7808-305-1 | ||
| 041 | _aENGLISH | ||
| 082 | _A658.3 P2 | ||
| 100 | _a"Greer,Charles R" | ||
| 245 | 0 | _aStrategic Human Resource Management | |
| 250 | _a2nd | ||
| 260 |
_c2002 _b"Pearson," |
||
| 500 | _aYES | ||
| 650 |
_aHuman Resources _bManagement Studies |
||
| 942 | _cBK | ||
| 999 |
_c166659 _d166659 |
||